Click the Music Producer (Rock/Pop) - Statistics

General Stats
  • This quiz has been taken 23 times
  • The average score is 8 of 18
Answer Stats
Hint Answer % Correct
Michael Jackson – Thriller Quincy Jones
67%
Nirvana – Nevermind Butch Vig
62%
Red Hot Chili Peppers – Blood Sugar Sex Magik Rick Rubin
62%
U2 – The Joshua Tree Brian Eno
57%
Beastie Boys – Licensed to Ill Rick Rubin
57%
The Beatles – Sgt. Pepper’s Lonely Hearts Club Band George Martin
52%
Katy Perry – Teenage Dream Max Martin
52%
AC/DC’s Back in Black Mutt Lange
52%
The Beatles – Let It Be Phil Spector
52%
Radiohead – OK Computer Nigel Godrich
48%
Britney Spears – ...Baby One More Time Max Martin
38%
Def Leppard – Hysteria Mutt Lange
38%
The Righteous Brothers – "You've Lost That Lovin' Feelin'" Phil Spector
38%
Talking Heads – Remain in Light Brian Eno
33%
Beck – Sea Change Nigel Godrich
33%
Elton John – "Candle in the Wind 1997" George Martin
29%
Smashing Pumpkins – Siamese Dream Butch Vig
24%
Lesley Gore – I'll Cry If I Want To Quincy Jones
19%
No matching quizzes found
Score Distribution
Percent of People with Each Score
Percentile by Number Answered
Your Score History
You have not taken this quiz